Evolución de la integración centroamericana en 1984
Guardado en:
| Autor Corporativo: | |
|---|---|
| Formato: | Texto |
| Publicado: |
México D.F.:
CEPAL
|
| Etiquetas: |
Agregar Etiqueta
Sin Etiquetas, Sea el primero en etiquetar este registro!
|
MARC
| LEADER | 00000 a a2200000 04500 | ||
|---|---|---|---|
| 001 | 22900 | ||
| 003 | |||
| 040 | |||
| 090 | |a 158100 | ||
| 110 | |a CEPAL | ||
| 245 | |a Evolución de la integración centroamericana en 1984 | ||
| 260 | |a México D.F.: |b CEPAL | ||
| 300 | |a 51 p. | ||
| 999 | |c 1059 |d 1059 | ||
